| 000 | 03016nam0a2200457 i 4500 | ||
|---|---|---|---|
| 001 | RU\NLR\bibl\1965751 | ||
| 005 | 20260408092437.0 | ||
| 010 |
_a9785434301824 _9500 |
||
| 021 |
_aRU _b2012-80203 _95951 |
||
| 035 | _a(nilc)RSL-KNO-005514366 | ||
| 035 | _a(NLR Aleph) 001954683 | ||
| 090 |
_a3743045 _c3743045 |
||
| 100 | _a20121024d2012 u y0rusy50 ca | ||
| 101 | 0 | _arus | |
| 102 | _aRU | ||
| 105 | _ay ||||||||| | ||
| 200 | 1 |
_aВзаимодействие языка и культуры: проблемы лингвокультурологии и прагмалингвистики _eколлективная монография _e[сборник научных докладов на Круглом столе, 24 апреля 2012 г. в рамках Третьей международной конференции "Культура в зеркале языка и литературы" _fд.филол.н., проф. Е.В. Милосердова и др.] |
|
| 210 |
_aТамбов _cБизнес-Наука-Общество _d2012 |
||
| 215 |
_a205 с. _d20 |
||
| 300 | _aВ надзаг.: М-во образования и науки Рос. Федерации, ФГБОУ ВПО "Тамб. гос. ун-т им. Г.Р. Державина" | ||
| 320 | _aБиблиогр.: с. 185-205 | ||
| 606 | 1 |
_aЯзык и культура _jСъезды, совещания и т.п _9990965 _3RU\NLR\auth\6656388 |
|
| 606 |
_aКогнитивная лингвистика _jСъезды, совещания и т.п _91523672 _3RU\NLR\auth\66662714 |
||
| 606 |
_aНемецкий язык _jСъезды, совещания и т.п _xПрагматика _92147542 _3RU\NLR\auth\661598329 |
||
| 606 | 1 |
_aНемецкий язык _jСъезды, совещания и т.п _xЛексикология _91681174 _3RU\NLR\auth\66746430 |
|
| 686 | 1 | _aШ100.33я431 | |
| 686 | 1 | _aШ100.4я431 | |
| 686 | 1 | _aШ143.24-70я431 | |
| 686 | 1 | _aШ143.24-3я431 | |
| 702 | 1 |
_aМилосердова _bЕ. В. _gЕлизавета Васильевна _4340 |
|
| 711 | 0 | 2 |
_a"Культура в зеркале языка и литературы", международная научная конференция _d3 _f2012 _eТамбов _3RU\NLR\AUTH\8810231991 _9349015 |
| 711 | 1 | 2 |
_a"Взаимодействие языка и культуры: проблемы лингвокультурологии и прагмалингвистики", круглый стол _f2012 _eТамбов _3RU\NLR\AUTH\8810231989 _9349011 |
| 712 | 0 | 2 |
_4570 _aТамбовский государственный университет им. Г. Р. Державина _3RU\NLR\AUTH\889917219 _9330608 |
| 801 | 0 |
_aRU _bRuMoRKP _c20121024 _grcr |
|
| 801 | 1 |
_aRU _bРГБ _c20121024 |
|
| 801 | 2 |
_aRU _bNLR _c20121112 _grcr |
|
| 942 | _cBOOK | ||
| 980 | _aNBR | ||